| 000 | 00820nam a22002297a 4500 | ||
|---|---|---|---|
| 005 | 20240530110359.0 | ||
| 008 | 150118s2010 ua ofd g 000 0 ara d | ||
| 017 |
_a2009/3202 _bمصر . دار الكتب المصرية |
||
| 020 | _a977431533 | ||
| 040 | _aEG-CaGPL | ||
| 041 | 0 | _aara | |
| 082 | 0 | 4 |
_221 _a155.4\ _bع م |
| 100 | 0 | _aعبدالفتاح غزال | |
| 245 | 1 | 2 |
_aالمشكلات التعليمية / _cعبدالفتاح غزال |
| 250 | _aط 1 | ||
| 260 |
_aالقاهرة : _bمؤسسة طيبة للطبع و النشر ، _c2010 |
||
| 300 |
_a255 ص : _bايض ؛ _c24 سم |
||
| 490 | 0 | _aدراسات فى علم النفس الكلنيكى : الكتاب الاول | |
| 650 | 0 | 4 | _aعلم النفس الاكلنيكى |
| 942 |
_2ddc _cBK |
||
| 999 |
_c60227 _d60227 |
||